| 000 | 01287nam a2200325 i 4500 | ||
|---|---|---|---|
| 001 | 000005041 | ||
| 003 | DO-SdBNP | ||
| 005 | 20260218082711.0 | ||
| 007 | ta | ||
| 008 | 090729s1999 dr 000 0 spa d | ||
| 040 |
_aDO-SdBNP _bspa _cBNPHU _erda |
||
| 041 | _aspa | ||
| 082 | 4 |
_a343.729304 _bR426r 1999 _222 |
|
| 110 | 1 | 0 |
_aRepública Dominicana. _911088 |
| 240 | _a[Código Tributario] | ||
| 245 | 1 | 0 |
_aRecopilación impositiva / _cpreparado bajo la supervisión Remberto Díaz N. |
| 250 | _aSegunda edición | ||
| 264 | 1 |
_aSanto Domingo : _bImpresora Metropolitana, _c1999. |
|
| 300 |
_avi, 442 páginas ; _c23 cm. |
||
| 336 |
_atexto _btxt _2rdacontent |
||
| 337 |
_asin mediación _bn _2rdamedia |
||
| 338 |
_avolumen _bnc _2rdacarrier |
||
| 505 | 0 |
_tLey 11-92 -- _tCódigo tributario -- _tImpuesto sobre la renta -- _tReglamentos 139-98 y 140-98 -- _tITBIS -- _tImpuesto selectivo al consumo -- _tInstructivos y anexos -- _tpreguntas que hacen los contribuyentes. |
|
| 590 | _aInventariado, 2025/BT | ||
| 650 | 0 |
_aImpuesto sobre la renta _xLeyes y legislación _zRepública Dominicana _914512 |
|
| 650 | 0 |
_aImpuestos _zRepública Dominicana _98380 |
|
| 650 | 4 |
_aImpuestos _xAdministración y procesamiento _914513 |
|
| 700 | 1 |
_aDíaz Núñez, Remberto _914514 |
|
| 942 |
_2ddc _cLBS1 |
||
| 999 |
_c4846 _d4846 |
||